Land Registry e-conveyancing secondary legislation (Record no. 106460)

MARC details
000 -LEADER
fixed length control field 01551cam a2200229 4500
001 - CONTROL NUMBER
control field L136627
008 - FIXED-LENGTH DATA ELEMENTS--GENERAL INFORMATION
fixed length control field 070212n2007 000 0 eng u
035 ## - SYSTEM CONTROL NUMBER
System control number (Sirsi) u136627
041 0# - LANGUAGE CODE
Language code of text/sound track or separate title eng
050 ## - LIBRARY OF CONGRESS CALL NUMBER
Classification number 346.410438 $2 18
110 2# - MAIN ENTRY--CORPORATE NAME
Corporate name or jurisdiction name as entry element United Kingdom
Subordinate unit Land Registry
9 (RLIN) 4774
245 00 - TITLE STATEMENT
Title Land Registry e-conveyancing secondary legislation
Remainder of title part 1
Medium [electronic resource]
260 ## - PUBLICATION, DISTRIBUTION, ETC.
Place of publication, distribution, etc. London
Name of publisher, distributor, etc. Land Registry
Date of publication, distribution, etc. 2007
505 2# - FORMATTED CONTENTS NOTE
Formatted contents note How to respond -- Executive summary -- Signing up to e-conveyancing -- Full network access agreement -- E-conveyancing services: an overview -- Discussion of draft Land Registration (Network Access) Rules 2007 -- Draft of the Land Registration (Network Access) Rules 2007 -- Discussion of draft Land Registration (Electronic Communications) Order 2007 -- Draft of The Land Registration (Electronic Communications) Order 2007 -- Annex A: partial regulatory impact assessment -- Annex B: legislation referred to in consultation paper.
520 ## - SUMMARY, ETC.
Summary, etc. Contains the Land Registry's proposals for The Land Registration (Network Access) Rules 2007 and The Land Registration (Electronic Communications) Order 2007.
590 ## - LOCAL NOTE (RLIN)
Local note KA NTK
650 24 - SUBJECT ADDED ENTRY--TOPICAL TERM
Topical term or geographic name entry element ECONVEYANCING
651 #4 - SUBJECT ADDED ENTRY--GEOGRAPHIC NAME
Geographic name England and Wales
Chronological subdivision 1543-
690 ## - LOCAL SUBJECT ADDED ENTRY--TOPICAL TERM (OCLC, RLIN)
Topical term or geographic name as entry element PROPERTY-PROPERTY ACQUISITION AND DISPOSAL-CONVEYANCING-ECONVEYANCING
856 40 - ELECTRONIC LOCATION AND ACCESS
Uniform Resource Identifier <a href="https://econsultations.e-conveyancing.gov.uk/inovem/consult.ti/SecondaryLegislationPart1/consultationHome">https://econsultations.e-conveyancing.gov.uk/inovem/consult.ti/SecondaryLegislationPart1/consultationHome</a>
Public note View the consultation document free of charge at http://econsultations.e-conveyancing.gov.uk...
942 ## - ADDED ENTRY ELEMENTS (KOHA)
Suppress in OPAC 0
Holdings
Withdrawn status Lost status Source of classification or shelving scheme Damaged status Not for loan Home library Current library Shelving location Date acquired Total Checkouts Full call number Barcode Date last seen Copy number Price effective from Koha item type
    Dewey Decimal Classification     Virtual Virtual Online 12/02/2007   ONLINE PUBLICATION 136627-1001 06/08/2019 1 06/08/2019 Book